000 00304nam a2200097Ia 4500
008 241105s9999 xx 000 0 und d
041 _aeng
100 _aBhavthankar Monica
_9182612
245 _aPaithani Kalagruha Centre For Traditional Art Of Paithani At Pune
260 _bFinal Year B.Arch ID, Pune
_c2014
999 _c360903
_d360903